B36_小学校6年生で習う漢字で書けるようになる市区町村 - Statistics

General Stats
  • This quiz has been taken 14 times
  • The average score is 60 of 83
Answer Stats
都道府県名 種類 市町村名 % Correct
石川県 穴水町
92%
宮城県 石巻市
92%
大阪府 泉佐野市
92%
大阪府 和泉市
92%
茨城県 潮来市
92%
山梨県 市川三郷町
92%
富山県 射水市
92%
熊本県 宇城市
92%
鹿児島県 宇検村
92%
大分県 宇佐市
92%
京都府 宇治市
92%
京都府 宇治田原町
92%
栃木県 宇都宮市
92%
熊本県 宇土市
92%
福島県 西郷村
92%
福島県 泉崎村
83%
岩手県 岩泉町
83%
福岡県 宇美町
83%
愛媛県 宇和島市
83%
群馬県 大泉町
83%
奈良県 三郷町
83%
福島県 下郷町
83%
青森県 新郷村
83%
大阪府 泉南市
83%
岩手県 花巻市
83%
埼玉県 三郷市
83%
東京都 武蔵野市
83%
東京都 武蔵村山市
83%
岩手県 盛岡市
83%
山口県 宇部市
75%
山形県 大蔵村
75%
三重県 紀宝町
75%
神奈川県 相模原市
75%
神奈川県 座間市
75%
沖縄県 座間味村
75%
香川県 善通寺市
75%
石川県 宝達志水町
75%
秋田県 美郷町
75%
島根県 美郷町
75%
宮崎県 美郷町
75%
福岡県 水巻町
75%
山梨県 身延町
75%
福岡県 宮若市
75%
埼玉県 八潮市
75%
鳥取県 若桜町
75%
宮城県 大郷町
67%
長崎県 小値賀町
67%
群馬県 片品村
67%
和歌山県 古座川町
67%
新潟県 五泉市
67%
北海道 砂川市
67%
鹿児島県 垂水市
67%
静岡県 長泉町
67%
埼玉県 新座市
67%
北海道 仁木町
67%
富山県 入善町
67%
宮崎県 延岡市
67%
岩手県 平泉町
67%
大阪府 枚方市
67%
奈良県 三宅町
67%
東京都 三宅村
67%
千葉県 我孫子市
58%
茨城県 大洗町
58%
沖縄県 恩納村
58%
高知県 黒潮町
58%
長野県 小諸市
58%
宮城県 蔵王町
58%
群馬県 下仁田町
58%
兵庫県 新温泉町
58%
北海道 大樹町
58%
兵庫県 高砂市
58%
大阪府 忠岡町
58%
愛知県 東郷町
58%
滋賀県 豊郷町
58%
沖縄県 今帰仁村
58%
北海道 上砂川町
50%
岐阜県 垂井町
50%
岐阜県 七宗町
50%
北海道 幕別町
50%
福岡県 宗像市
50%
北海道 由仁町
50%
福岡県 大刀洗町
42%
北海道 妹背牛町
42%
No matching quizzes found
Score Distribution
Percent of People with Each Score
Percentile by Number Answered
Your Score History
You have not taken this quiz